[Event "6th Vardaris Open 2020"]
[Site "Thessaloniki"]
[Date "2020.03.02"]
[Round "7.12"]
[White "Dermatopoulos, Konstantinos"]
[Black "Hadzimanolis, Antonios"]
[Result "0-1"]
[WhiteElo "1996"]
[BlackElo "2221"]
[Annotator "TA"]
[PlyCount "82"]
[EventDate "2020.02.27"]
[EventType "swiss"]
[EventCountry "GRE"]
[SourceTitle "playchess.com"]
[Source "ChessBase"]
[SourceQuality "1"]

{[%evp 16,82,30,10,27,20,31,13,15,-21,-19,-25,-26,-33,-43,-47,-20,-20,-20,-20,-21,-21,-21,-40,-31,-55,0,-85,-10,-24,-23,-11,-9,-19,-29,-14,-14,-62,-37,-13,-16,-64,-40,-34,-34,-358,-358,-1154,-1058,-960,-112,-1252,-983,-920,-743,-29992,-29993,-29993,-29991,-29992,-29993,-29993,-29994,-29994,-29995,-29995,-29996,-29996,-29997]} 1. c4 Nf6 2. Nc3 c5 3. e4 Nc6 4. g3 g6 5. Bg2 Bg7 6. Nge2 O-O 7. O-O d6 8. d3 Nd4 9. h3 Ne8 {A36: Symmetrical English vs ...g6: 4 Bg2 Bg7.} 10. Rb1 {[#]} a5 $146 ({Predecessor:} 10... Bd7 11. b4 b6 12. Kh2 Nc7 13. Nxd4 cxd4 14. Ne2 b5 15. f4 a5 16. a3 axb4 17. axb4 {1-0 (42) Goletiani,R (2333)-Abrahamyan,T (2329) Saint Louis 2012}) 11. Nxd4 cxd4 {The position is equal.} 12. Ne2 Nc7 13. b3 e5 14. Bd2 Na6 15. a3 Nc5 16. b4 axb4 17. axb4 Na4 18. Ra1 Bd7 19. b5 Nc5 20. Qc2 f5 ({Black should play} 20... Rxa1 $15 21. Rxa1 Qc8) 21. Bb4 (21. Rxa8 $11 {remains equal.} Qxa8 22. exf5) 21... fxe4 (21... f4 $17 {...f3 is the strong threat.} 22. Rxa8 Qxa8 23. gxf4 exf4) 22. Bxc5 $1 $11 exd3 23. Qxd3 {aiming for Rxa8.} dxc5 24. Bxb7 Rxa1 25. Rxa1 Qf6 26. Bd5+ Kh8 27. f3 $1 Bxh3 {Strongly threatening ...Bh6.} 28. Ra8 Bf5 29. Rxf8+ Bxf8 30. Qb3 $2 {[%mdl 8192]} (30. Qa3 $15) 30... d3 $19 31. Nc3 $2 {[#]} (31. Kf2 dxe2 32. b6) 31... Qg5 $1 32. g4 Qc1+ $2 (32... Qe3+ $19 {has better winning chances.} 33. Kf1 Qc1+ 34. Kg2 {[#]} e4 $1 {[%mdl 512]} 35. gxf5 Qd2+ 36. Kh3 Bd6) 33. Kg2 $2 {[%mdl 8192]} (33. Qd1 $17 Qxc3 34. gxf5) 33... Qd2+ 34. Kf1 {[#]} e4 $1 {[%mdl 512] ( -> ...e3)} 35. fxe4 (35. Nxe4 Bxe4) 35... Bxg4 {Black mates.} 36. e5 Be2+ 37. Kg1 Qe1+ 38. Kh2 {[#]} Bg7 $1 39. Nxe2 Bxe5+ 40. Nf4 Bxf4+ 41. Kg2 Qe2+ {Accuracy: White = 53%, Black = 75%.} 0-1

[Event "6th Vardaris Open 2020"]
[Site "Thessaloniki"]
[Date "2020.03.02"]
[Round "7.13"]
[White "Markidis, Konstantinos"]
[Black "Nilsen, Tobias Lang"]
[Result "0-1"]
[WhiteElo "2211"]
[BlackElo "2135"]
[Annotator "TA"]
[PlyCount "78"]
[EventDate "2020.02.27"]
[EventType "swiss"]
[EventCountry "GRE"]
[SourceTitle "playchess.com"]
[Source "ChessBase"]
[SourceQuality "1"]

{[%evp 9,78,7,8,7,8,8,6,8,8,12,40,20,20,9,39,34,35,12,23,24,52,32,73,71,90,74,89,43,114,116,261,268,269,272,318,222,218,218,232,223,287,289,333,322,417,10,10,27,39,10,225,227,504,56,50,37,47,0,0,-5,0,-137,-145,-397,-364,-381,-375,-666,-660,-651,-600]} 1. e4 c5 2. Nf3 e6 3. c3 Nf6 4. Bd3 Nc6 5. Bc2 d5 6. e5 {B40: Sicilian: 2...e6, Unusual lines.} Nd7 7. d4 b6 8. O-O {The position is equal.} Ba6 9. Re1 Rc8 10. a3 Be7 11. b4 cxd4 12. cxd4 {[#]} Qc7 $146 ({Predecessor:} 12... Bc4 13. Be3 b5 14. Nbd2 Nb6 15. Qb1 h6 16. Nb3 Bxb3 17. Qxb3 Nc4 18. Bd3 a6 {1-0 (55) Ponkratov,P (2613)-D'Costa,L (2391) Katowice 2017}) 13. Ba4 {Black must now prevent b5.} Bc4 (13... b5 $5 {[%cal Rb5a4]} 14. Bb3 Nb6 $11) 14. Nc3 O-O 15. Bf4 a5 16. b5 Na7 17. Re3 Qd8 18. Qb1 f5 ({Black should try} 18... Re8 $14) 19. exf6 $1 $16 Bxf6 (19... Rxf6 $16 {was necessary.} 20. Bg3 h6) 20. Bc2 $18 (20. Rxe6 $6 Rf7 $16) 20... h6 21. a4 (21. Rxe6 Bxd4 22. Nxd4 Rxf4 $16) 21... e5 22. Nxe5 Bxe5 23. Bxe5 Nxe5 24. Rxe5 (24. dxe5 d4 $17) 24... Qh4 25. Qe1 Qxd4 26. Rd1 Qc5 27. Re7 $2 ({White should play} 27. Nxd5 $18 {And now Ne7+ would win.} Bxd5 28. Bf5) 27... Rxf2 $1 $11 28. Qxf2 Qxe7 29. Qxb6 {Strongly threatening Qd4.} Bxb5 $2 (29... Qe5 $11 {and Black stays safe.}) 30. Nxd5 $18 ({And not} 30. Nxb5 Nxb5 31. Qxb5 Qe3+ 32. Kh1 Rxc2 $11) ({Stronger than} 30. axb5 Rxc3 31. Bg6 Rc5 $11) 30... Qe2 $2 (30... Qc5+ 31. Qxc5 Rxc5) 31. Bb3 $2 (31. Qg6 $18 Qxc2 32. Nf6+ Kf8 33. Rd8+ $1 {[%mdl 576] Deflection} Rxd8 34. Qxc2 gxf6 35. Qc5+ {[%mdl 64] Double Attack} (35. axb5 Nxb5 36. Qf5 Rd1+ 37. Kf2 Nd6 $18) 35... Kf7 36. axb5 Nxb5 37. Qxb5) 31... Bc4 $14 32. Nc3 Qe7 $1 33. Bc2 Bf7 $40 {[%mdl 128] White needs to defend precisely.} 34. Qd4 Nc6 35. Qd3 {[#]} (35. Nd5 $1 $11 {remains equal.} Qe2 36. Qe4 Qxe4 37. Bxe4) 35... g6 $1 $17 {Hoping for ...Qc5+.} 36. Qd2 $2 {[%mdl 8192]} (36. Qg3 $17 Ne5 37. Kh1) 36... Nb4 37. Kh1 Qg5 38. Qd7 $2 (38. Qxg5 hxg5 39. Ne4 Rxc2 40. h3) 38... Rxc3 $19 39. Rf1 Qd5 {What a bad dream for White. Accuracy: White = 57%, Black = 54%.} 0-1

[Event "6th Vardaris Open 2020"]
[Site "Thessaloniki"]
[Date "2020.03.02"]
[Round "7.14"]
[White "Chatzieleftheriou, Andreas"]
[Black "Stefanou, Dimitrios"]
[Result "1/2-1/2"]
[WhiteElo "2167"]
[BlackElo "1996"]
[Annotator "TA"]
[PlyCount "80"]
[EventDate "2020.02.27"]
[EventType "swiss"]
[EventCountry "GRE"]
[SourceTitle "playchess.com"]
[Source "ChessBase"]
[SourceQuality "1"]

{[%evp 13,80,33,41,20,53,-10,-17,-10,0,-16,-14,-14,-12,-11,-9,-16,-18,-22,-20,-29,-23,-36,-23,-29,-38,-39,-37,-45,-41,-50,-35,-50,-46,-76,-28,-58,-18,-41,-35,-39,-40,-52,-52,-52,-52,-46,-47,-56,-39,-39,-37,-44,-44,-47,-44,-44,-15,-20,-6,-6,0,0,0,0,0,-8,0,-8,0]} 1. c4 e5 2. Nc3 Nf6 3. Nf3 Nc6 4. e3 g6 5. d4 d6 6. Be2 Bg7 7. O-O O-O 8. b3 {A25: English Opening vs King's Indian with ...Nc6 but without early d3.} Re8 9. Bb2 (9. d5 $14 Ne7 10. e4) 9... exd4 $11 10. exd4 d5 {[#]} 11. cxd5 $146 ({Predecessor:} 11. Nxd5 Nxd5 12. cxd5 Qxd5 13. Bc4 Qa5 14. h3 Be6 15. Bxe6 Rxe6 16. Re1 Rd6 17. Qd3 {0-1 (29) Koning,E (1609)-Mullink,J Rotterdam 2014}) 11... Nb4 12. Bb5 Bd7 13. Bc4 {And now a3 would win.} Bf5 14. Ne5 Nbxd5 15. Nxd5 Nxd5 16. Qf3 Be6 17. Rfe1 c6 18. a4 Qf6 19. Qxf6 Bxf6 20. Nd3 Rad8 21. Nc5 Bc8 22. Bxd5 cxd5 23. f3 Be7 24. Kf2 Bd6 (24... b6 $5 {[%cal Rb6c5]} 25. Nd3 Bf5 $15) 25. g3 b6 26. Nd3 Bf5 27. Nf4 Bxf4 28. gxf4 Bc2 29. b4 Rxe1 30. Kxe1 $15 {[%mdl 4096] Endgame KRB-KRB} Re8+ 31. Kd2 Bb3 32. a5 Bc4 {aiming for ...Re2+.} 33. Re1 Rxe1 34. Kxe1 {KB-KB} Kf8 35. f5 {The position is equal.} Ke7 36. fxg6 fxg6 37. axb6 axb6 38. Bc1 Kf6 39. h4 Kf5 40. Kf2 b5 {Accuracy: White = 88%, Black = 82%.} 1/2-1/2

[Event "6th Vardaris Open 2020"]
[Site "Thessaloniki"]
[Date "2020.03.02"]
[Round "7.15"]
[White "Leftheriotis, Alexandros"]
[Black "Tetepoulidis, Ioannis"]
[Result "1-0"]
[WhiteElo "1918"]
[BlackElo "2124"]
[Annotator "TA"]
[PlyCount "155"]
[EventDate "2020.02.27"]
[EventType "swiss"]
[EventCountry "GRE"]
[SourceTitle "playchess.com"]
[Source "ChessBase"]
[SourceQuality "1"]

{[%evp 18,155,42,29,37,36,63,58,56,59,49,13,13,4,47,62,52,54,74,76,109,106,105,95,207,135,377,103,120,98,92,87,97,85,83,20,20,15,20,24,20,9,30,38,56,76,80,88,78,13,13,0,0,0,31,20,49,40,32,0,0,0,0,0,0,0,0,0,0,0,0,0,0,-7,0,0,0,0,0,0,0,0,0,0,8,8,70,89,99,103,86,15,257,254,232,0,0,0,0,0,59,59,59,0,357,350,754,746,29967,29968,29959,172,1104,0,29960,29965,29965,29966,29966,29967,29966,29962,29969,7004,29977,29973,29978,29979,29979,29980,29980,29981,29981,29982,29982,29983,29983,29984,29984,29984]} 1. e4 d6 2. d4 Nf6 3. Nc3 g6 4. f4 Bg7 5. Nf3 c5 6. Bb5+ Bd7 7. Bxd7+ Nfxd7 8. d5 Na6 9. O-O O-O 10. Qe2 Nc7 {B09: Pirc Defence: Austrian Attack.} 11. a4 a6 12. a5 b5 {White is slightly better.} 13. axb6 $1 Nxb6 {[#]} 14. Be3 $146 ({Predecessor:} 14. f5 Qd7 15. Qf2 Nb5 16. Ne2 Nc4 17. Qh4 Nd4 18. Nexd4 cxd4 19. Ng5 h6 20. fxg6 fxg6 21. Rxf8+ Bxf8 {1-0 (27) Strzelecki,K (2295)-Maciejewski,M (2330) Porabka 1986}) 14... Qd7 15. Rad1 Na4 16. Nxa4 Qxa4 17. Bc1 Rab8 18. c3 Rfd8 19. f5 Qd7 20. Ng5 Bf6 (20... Rf8 $16) 21. Qg4 Qe8 $2 (21... Bxg5 $16 {is a better defense.} 22. Qxg5 f6) 22. Qh4 $2 (22. fxg6 $18 {and White stays clearly on top. Intending Qh5 and mate.} fxg6 23. e5 $1 {[%mdl 512]} Bxe5 24. Qh4) 22... Bxg5 $16 23. Qxg5 {Hoping for fxg6.} f6 24. Qg4 Kh8 25. Rf3 Qf7 26. fxg6 (26. Rdd3 $16) 26... Qxg6 $11 27. Qh4 Rg8 {[%csl Gg8][%cal Rg6g2]} 28. Rg3 Qf7 29. Rdd3 Rxg3 30. Rxg3 Rg8 31. Bh6 Ne8 32. Rxg8+ Kxg8 33. Qf4 (33. Qg4+ $16 Ng7 34. Qc8+ Qe8 35. Qxa6) 33... Qh5 34. h3 Kf7 35. Qe3 Qg6 36. g4 Nc7 37. Kf2 Na8 38. Kf3 Nb6 39. b3 Nd7 40. Qf4 Ne5+ 41. Kg3 a5 {Strongly threatening ...c4.} 42. c4 $1 Nd3 43. Qe3 Ne5 44. Qf4 Ke8 {And now ...Nf7 would win.} 45. Qe3 $1 Kd7 46. Bf4 Nf7 47. h4 h5 48. g5 Nh6 49. Kf3 Nf7 50. Kf2 {White wants to play Qh3+.} fxg5 51. hxg5 Ke8 (51... e6 $11) 52. Kg3 $1 $14 e5 53. dxe6 $1 Qxe6 54. Qf3 (54. Qe2 $16) 54... Qg6 $2 (54... Ke7 $1 $11 {and Black is okay.}) 55. Kh4 $18 Ke7 56. Bd2 $2 (56. Qe3 $18) 56... Ne5 $11 57. Qf4 Qe6 58. Kg3 (58. Qf5 Qxf5 59. exf5 Nf3+ 60. Kxh5 Nxd2) 58... Ng6 ({Better is} 58... a4 $11 59. bxa4 Qxc4) 59. Qf5 $14 {Bc3 is the strong threat.} Qe5+ 60. Kh3 (60. Qxe5+ $14 Nxe5 61. Bxa5) 60... Qe6 $2 {[%mdl 8192] Black is on the road to losing.} (60... Qa1 $11) 61. Bxa5 $18 Nf4+ $2 (61... Qg8 62. Bc3 Kd8) 62. Kh4 Qe5 63. Qxe5+ dxe5 {[%mdl 4096] Endgame KB-KN} 64. Bc7 $2 (64. b4 {mates} cxb4 65. Bxb4+ Ke8 66. Bd2 Nd3 67. Kxh5 Nf2 68. Bb4 Nxe4 69. g6 Nf6+ 70. Kg5 Ne4+ 71. Kf5 $1 {[%mdl 512]} Ng3+ 72. Kxe5) 64... Kd7 $2 (64... Ke6 65. Bb6 Kd6) 65. Ba5 (65. Bb8 $18 Ke7 66. Ba7) 65... Ke7 $1 66. b4 cxb4 67. Bxb4+ Kf7 68. Bd2 Ne6 69. Kxh5 Nc5 70. Bc3 (70. g6+ $142 Kg8 71. Bb4 Ne6 72. Kh6 Nd8 73. Bd6 Nb7 74. c5 Nd8 75. Kg5) 70... Ke6 71. Kh6 {White mates.} Nxe4 72. g6 Nd6 73. g7 Nf5+ 74. Kg6 Nxg7 75. Kxg7 Kd6 {[#]} 76. Bb4+ $1 Ke6 77. Kg6 e4 78. Bd2 {Accuracy: White = 74%, Black = 64%.} 1-0

[Event "6th Vardaris Open 2020"]
[Site "Thessaloniki"]
[Date "2020.03.02"]
[Round "7.16"]
[White "Stamatiou, Rodolfos"]
[Black "Konstantelias, Konstantinos"]
[Result "1/2-1/2"]
[WhiteElo "2118"]
[BlackElo "1987"]
[Annotator "TA"]
[PlyCount "116"]
[EventDate "2020.02.27"]
[EventType "swiss"]
[EventCountry "GRE"]
[SourceTitle "playchess.com"]
[Source "ChessBase"]
[SourceQuality "1"]

{[%evp 9,116,43,23,12,15,0,46,14,9,0,0,0,4,-9,52,6,29,0,29,0,7,0,0,0,0,-33,6,-56,0,-65,-42,-52,-37,-42,-5,-12,-14,-15,0,-77,-74,-60,-60,-70,-50,-50,-44,-68,-38,-51,-39,-40,-54,-91,-96,-87,-12,-7,0,0,0,0,0,0,0,0,0,0,0,0,0,0,0,-7,0,0,0,0,0,0,0,0,0,0,0,0,0,-70,0,0,0,-2,-2,-2,-2,-113,-60,-252,-198,-103,0,-153,-144,-106,0,-3,0,-88,0]} 1. c4 f5 2. Nc3 Nf6 3. g3 c6 4. d4 d6 5. Bg2 g6 6. h4 {A10: English Opening: Unusual Replies for Black.} Bg7 7. Bg5 {[#]} Qa5 $146 ({Predecessor:} 7... h6 8. Bf4 O-O 9. Nf3 Qe8 10. Qd2 Ng4 11. d5 c5 12. Rb1 Na6 13. O-O Bd7 14. e4 fxe4 15. Nxe4 {1-0 (50) Cigelski,R (1780)-Rosing,H (1948) Germany 2016}) 8. Qc2 {White is slightly better.} Be6 9. Bd2 Qc7 10. b3 Na6 11. Nh3 Qd7 (11... Bd7 $11) 12. Nf4 Bf7 13. Rd1 Nb4 14. Qb1 e5 $36 {[%mdl 2048] Black has good play.} 15. dxe5 $1 dxe5 16. Nh3 Qe7 17. O-O O-O 18. Bc1 (18. e4 $11) 18... Rfd8 (18... h6 $15) 19. Ba3 (19. e4 $11) 19... a5 20. Bb2 Rxd1 21. Rxd1 Rd8 22. Rxd8+ Qxd8 23. Ng5 e4 24. Nxf7 (24. a3 $11 {keeps the balance.} Na6 25. Na4 (25. Nxf7 Kxf7 26. Qc2 Nc5 $15)) 24... Kxf7 $17 25. a3 Na6 26. Qc2 Ng4 27. Bh3 Ne5 28. Bc1 Qe7 29. h5 Nc5 30. hxg6+ hxg6 31. Be3 Ne6 32. Qc1 Qd6 (32... Nd7 $17) 33. g4 $1 $11 Nxg4 34. Bxg4 Bxc3 35. Qxc3 fxg4 36. Qxa5 Qd1+ 37. Kh2 Qxb3 38. Qa7 Qxc4 39. Qxb7+ Kf6 40. Qb2+ Kf5 41. Kg2 c5 42. Kh2 Nd4 {White should prevent ...Nc2.} 43. Qb8 {[#] Threatens to win with Qf8+.} Ne6 44. Qd6 g5 45. Qd2 Qb3 46. Qa5 Qd5 47. Qa7 Qd6+ 48. Kg2 ({White should try} 48. Kg1 $11) 48... Kg6 (48... Nf4+ $15 49. Bxf4 gxf4 50. Qh7+ Ke5 51. Qg7+ Kd5 52. Qxg4 Kc4) 49. Qa8 Kf5 50. Qg8 Nf4+ 51. Bxf4 $1 gxf4 {[%mdl 4096] Endgame KQ-KQ} 52. Qh7+ {[#]} (52. Qc8+ $1 $11 {was the only way to keep the balance.} Ke5 53. Qxg4) 52... Ke5 $1 $17 53. Qh5+ $2 (53. Qg7+ $1 $15 Qf6 54. Qxg4) 53... Kd4 $19 {And now ...f3+ would win.} 54. Qxg4 Qe5 ({Black should play} 54... Kc3 $17 {...c4 is the strong threat.} 55. a4 Kb4) 55. Qd7+ $2 (55. a4 $1 $11) 55... Kc3 {aiming for ...Qg5+.} 56. Qd1 {Hoping for Qa1+.} Kc4 (56... Qd4 $17 57. Qc1+ Kb3 58. Qxf4 c4 59. Qb8+ Kxa3) 57. Qc2+ Kd5 58. a4 (58. Qb3+ $11 Kc6 59. a4) 58... Qg7+ {Accuracy: White = 69%, Black = 69%.} ({Better is} 58... c4 $17 59. Qb1 Kc6) 1/2-1/2

[Event "6th Vardaris Open 2020"]
[Site "Thessaloniki"]
[Date "2020.03.02"]
[Round "7.17"]
[White "Makris, Spyridon-Dionysios"]
[Black "Madebrink, Lars"]
[Result "1-0"]
[WhiteElo "1959"]
[BlackElo "2115"]
[Annotator "TA"]
[PlyCount "123"]
[EventDate "2020.02.27"]
[EventType "swiss"]
[EventCountry "GRE"]
[SourceTitle "playchess.com"]
[Source "ChessBase"]
[SourceQuality "1"]

{[%evp 21,123,99,109,91,100,109,108,84,86,69,77,71,77,45,39,34,41,42,41,39,72,67,60,41,62,38,41,37,22,27,34,29,33,29,114,114,112,48,50,48,51,53,58,50,58,49,60,34,37,37,35,38,41,42,42,39,50,22,27,23,24,25,29,11,11,11,14,14,451,303,303,303,29972,29968,29969,29969,29970,29971,29971,29972,29971,29973,29971,29974,29974,29975,29975,29976,29975,29977,29977,29978,29978,29979,29980,29981,29980,29981,29983,29984,29984,29985,29985,29986]} 1. d4 Nf6 2. c4 e6 3. Nc3 d5 4. cxd5 exd5 5. Bg5 Be7 6. e3 O-O 7. Bd3 b6 8. Bxf6 Bxf6 9. Qh5 g6 10. Qxd5 c6 11. Qxd8 Rxd8 12. Nge2 {D35: Queen's Gambit Declined: Exchange Variation.} Bb7 13. Be4 Nd7 14. O-O {White is better.} Rac8 15. g3 Ba6 16. Rfd1 c5 {[#]} 17. Rac1 $146 ({Predecessor:} 17. Nf4 cxd4 18. exd4 Re8 19. Bg2 Rc4 20. Bf1 {1-0 (20) Tabatabai,M (1793)-Nigmatov,O (1890) Porto Carras 2010}) 17... cxd4 18. Nxd4 Nc5 19. Bc2 Kf8 20. Rd2 Bb7 21. Rcd1 a6 22. a4 Ke8 23. e4 Ne6 24. Nde2 Rxd2 25. Rxd2 Rc4 26. Bb3 Rb4 27. Bd5 Bc8 (27... Bxc3 $1 $11 {keeps the balance.} 28. Nxc3 (28. bxc3 Rb1+ 29. Kg2 Bxd5 $11) 28... Bxd5 29. Nxd5 (29. exd5 Nc5 $15) 29... Rb3) 28. b3 $16 {Threatens to win with Na2.} Nd4 {Strongly threatening ...Nf3+.} 29. Nxd4 (29. e5 $1 $16 {[%cal Re5f6]} Nxe2+ 30. Rxe2) 29... Rxd4 $14 30. Rxd4 Bxd4 $16 {[%mdl 4096] Endgame KBB-KBN} 31. Ne2 Bb2 32. f3 Ke7 33. Kf2 Bd7 34. Bc4 b5 35. axb5 axb5 36. Bd5 f6 37. Ke3 Kd6 38. Kd3 f5 39. Bg8 fxe4+ 40. Kxe4 h6 41. Nd4 Kc5 42. Bf7 Bxd4 {[#]} 43. b4+ $1 {[%mdl 512]} Kxb4 44. Kxd4 $11 {KB-KB} g5 $2 {[%mdl 8192] Black cannot hold the game after this.} (44... Bf5 $1 $11 {and Black has nothing to worry.}) 45. f4 gxf4 46. gxf4 Ka3 $2 (46... Bf5 $18 47. Ke5 Bc2) 47. Ke5 {White mates.} b4 48. f5 b3 49. f6 b2 50. Bg6 Be8 51. Bb1 Bf7 52. Kd6 h5 53. h4 $1 Ba2 54. Bf5 $1 Kb4 {[#]} 55. Ke7 $1 Kc5 {[#]} 56. f7 $1 {[%cal Rf7f8]} Bxf7 57. Kxf7 {KB-KPP} Kd5 58. Kg6 Ke5 59. Kg5 b1=Q 60. Bxb1 Ke6 61. Kg6 Ke7 62. Kg7 {Accuracy: White = 85%, Black = 80%.} 1-0

[Event "6th Vardaris Open 2020"]
[Site "Thessaloniki"]
[Date "2020.03.02"]
[Round "7.18"]
[White "Vardakas, Grigorios"]
[Black "Tsironis, Alexandros"]
[Result "0-1"]
[WhiteElo "2115"]
[BlackElo "1962"]
[Annotator "TA"]
[PlyCount "62"]
[EventDate "2020.02.27"]
[EventType "swiss"]
[EventCountry "GRE"]
[SourceTitle "playchess.com"]
[Source "ChessBase"]
[SourceQuality "1"]

{[%evp 9,62,23,35,26,29,23,41,56,55,-27,-30,-8,-24,-54,0,-24,-25,-34,-30,-75,-78,-85,-71,-61,-20,-22,41,12,20,-55,-22,-158,-151,-155,-161,-203,-184,-181,-185,-292,-302,-291,-284,-343,-337,-337,-257,-1044,-1035,-1009,-977,-1411,-1283,-1362,-1013]} 1. d4 g6 2. Bf4 Bg7 3. Nc3 d6 4. e4 a6 5. h4 h5 6. Qd2 {B06: Modern Defence.} b5 7. O-O-O Nd7 8. Nf3 {White is slightly better.} Bb7 {[#]} 9. d5 $146 (9. e5 $14) ({Predecessor:} 9. Ng5 Nh6 10. Be2 c5 11. dxc5 Nxc5 12. Bf3 Qa5 13. Kb1 Bxc3 14. Qxc3 Qxc3 15. bxc3 {0-1 (53) Lozano Suarez,L (2130)-Sanchez Saez,F (2337) De los Reyes 2019}) 9... c5 10. dxc6 Bxc6 11. Kb1 Qb8 (11... Ngf6 $15) 12. Nd5 Bxd5 13. exd5 Ngf6 14. Be3 Nb6 15. Bd4 Nbxd5 16. c4 bxc4 17. Bxc4 Nb6 ({Better is} 17... e5 $11 18. Bxd5 (18. Bxe5 dxe5 19. Bxd5 Nxd5 $11) 18... Nxd5 19. Bxe5 dxe5 20. Qxd5 O-O) 18. Bb3 (18. Bxf7+ $5 Kxf7 19. Ng5+ Kf8 20. Qd3 $15) 18... O-O 19. Qc2 ({White should try} 19. Bxf6 $11 exf6 20. Qxd6) 19... e6 20. Qc6 (20. Ng5 $11) 20... Nfd5 $17 21. Bxd5 Nxd5 22. Bxg7 Rc8 23. Qa4 {[#] And now Rxd5 would win.} Kxg7 24. Rxd5 (24. Rc1 $142) 24... exd5 $19 25. Qd4+ Kg8 26. Qxd5 Qc7 {( -> ...Qc2+)} 27. Nd4 Qc4 28. Qe4 $2 (28. Qxc4 Rxc4 29. Rd1) 28... Re8 {Black is clearly winning.} 29. Qf4 Qd3+ 30. Nc2 Rac8 31. Rc1 {[#]} Rxc2 $1 {[%mdl 512] Accuracy: White = 42%, Black = 71%.} 0-1

[Event "6th Vardaris Open 2020"]
[Site "Thessaloniki"]
[Date "2020.03.02"]
[Round "7.19"]
[White "Yordanov, Nikolay"]
[Black "Dritsas, Stavros Nikolaos"]
[Result "0-1"]
[WhiteElo "2102"]
[BlackElo "1754"]
[Annotator "TA"]
[PlyCount "58"]
[EventDate "2020.02.27"]
[EventType "swiss"]
[EventCountry "GRE"]
[SourceTitle "playchess.com"]
[Source "ChessBase"]
[SourceQuality "1"]

{[%evp 14,58,-14,-18,10,18,50,50,45,41,63,28,51,-16,-11,-90,-83,-84,-77,-109,-108,-108,-110,-109,-110,-220,-212,-402,-271,-257,-264,-270,-217,-302,-222,-294,-259,-462,-453,-457,-436,-648,-637,-662,-661,-748,-746]} 1. e4 e5 2. Nf3 Nc6 3. d4 exd4 4. Nxd4 Nf6 5. Nxc6 bxc6 6. e5 Qe7 7. Qe2 Nd5 8. h4 d6 {C45: Scotch Game.} 9. c4 Nb4 10. a3 Na6 {White is slightly better.} 11. exd6 cxd6 {[#]} 12. Be3 $146 ({Predecessor:} 12. b4 Bg4 13. f3 Be6 14. Bb2 Nb8 15. Nc3 Nd7 16. O-O-O a5 17. b5 Rc8 18. Kb1 {½-½ (34) Ponkratov,P (2603)-Romanov,E (2610) Sochi 2017}) 12... Nc5 13. Bxc5 (13. Nc3 $14) 13... dxc5 $11 14. g3 (14. Nc3 $11 {keeps the balance.}) 14... Rb8 $17 {Black continues to play with concentration.} 15. Ra2 g6 16. Nc3 Bg7 17. Bg2 Qxe2+ 18. Kxe2 Kd7 19. Rd1+ (19. Bh3+ $17 f5 20. Kf3) 19... Kc7 $19 {[#] Hoping for ...Bg4+.} 20. Na4 $2 (20. Bf1 {keeps fighting.}) 20... Be6 21. Rc1 Bd4 22. Kf1 Rhe8 23. Kg1 Bf5 24. Bf1 {[#]} Re3 $1 {[%mdl 512]} 25. Nxc5 $2 (25. Kg2 {was necessary.} Be4+ 26. Kh2) (25. fxe3 Bxe3+) 25... Bxc5 {Black is clearly winning.} 26. b4 Bd4 {...Rxg3+ is the strong threat.} 27. Rd1 (27. Kh2 $142 Rf3 28. Bh3) 27... Rxg3+ 28. Kh2 Rg4 {And now ...Be5+ would win.} 29. f3 Be5+ {Accuracy: White = 23%, Black = 69%.} 0-1

[Event "6th Vardaris Open 2020"]
[Site "Thessaloniki"]
[Date "2020.03.02"]
[Round "7.20"]
[White "Deligiannis, Paraskevas"]
[Black "Zlatkov, Anton"]
[Result "0-1"]
[WhiteElo "2038"]
[BlackElo "1828"]
[Annotator "TA"]
[PlyCount "63"]
[EventDate "2020.02.27"]
[EventType "swiss"]
[EventCountry "GRE"]
[SourceTitle "playchess.com"]
[Source "ChessBase"]
[SourceQuality "1"]

{[%evp 18,63,29,20,23,23,22,-16,9,-25,-7,-18,0,-24,-12,-19,-20,-35,0,-4,34,17,23,0,0,-5,14,-6,0,0,0,0,0,-19,-19,-23,-46,-86,0,0,0,-53,-43,-998,-959,-1810,-1530,-1595]} 1. c4 e6 2. g3 d5 3. Bg2 Nf6 4. Nf3 c6 5. b3 Be7 6. Bb2 O-O 7. O-O Nbd7 8. Qc2 b6 9. d3 Bb7 10. e4 c5 {[%cal Rd5e4] A14: English Opening: 1...e6 with b3 by White.} 11. cxd5 exd5 12. Nc3 d4 {The position is equal.} 13. Ne2 {[#]} Rc8 $146 ({Predecessor:} 13... Ng4 14. h3 Nge5 15. Nd2 Ba6 16. Nc4 Rc8 17. a4 Nc6 18. Qd2 Bb7 19. f4 Nb4 {1-0 (74) Thiede,L (2489)-Londyn,R (2276) Pardubice 2007}) 14. Rac1 Nb8 {[%cal Bd7b8,Bb8c6,Bc6e5][%mdl 32]} 15. Nd2 Nc6 16. a3 Ba6 17. Nf4 Ne5 18. Nc4 Bxc4 19. bxc4 g5 20. Nd5 (20. Ne2 {seems wilder.} g4 21. Qd1 Rb8 22. a4 Re8 23. Rb1) 20... Nxd5 21. exd5 f5 22. Rce1 Bd6 23. f4 gxf4 24. gxf4 Ng4 25. h3 Ne3 26. Rxe3 $1 dxe3 27. Rf3 {[#] White wants to mate with Rg3+.} Rf6 $1 {[%mdl 512]} 28. Qc3 $11 (28. Bxf6 Qxf6) 28... Kf7 {Threatens to win with ...Rg6.} 29. Rxe3 (29. Qxf6+ $11 Qxf6 30. Bxf6 Kxf6 31. Rxe3 Bxf4 32. Re6+ Kf7 33. Kf2) 29... Rg6 $15 {And now ...Qh4 would win.} 30. Re5 $2 {[%mdl 8192]} (30. Re6 $15 Bxf4 31. Rxg6 Be3+ 32. Kf1) 30... Bxe5 $19 31. fxe5 {[#]} Qg5 $1 {[%csl Gg6][%cal Rg5g2]} 32. e6+ {Accuracy: White = 70%, Black = 79%.} 0-1